000 00673nam a2200229Ia 4500
001 8503
003 GE_BSU
008 181216s||||||||xx |||||||||||||| ||und||
040 _cGE_BSU
080 _a821.353.1-1
100 _aვარშანიძე,მამია.
245 _aჩემო სამშობლოვ.
245 _bლექსები.
245 _cრედ:ი.რურუა.
260 _aბათუმი.
260 _bაჭარის სახელგამი.
260 _c1950.
300 _a64გვ;17სმ.
653 _aლექსები.
653 _aჩემო სამშობლოვ.
942 _cBK
999 _c41820
_d41820